Qirtas wa qalam (Record no. 327460)
[ view plain ]
| 000 -LEADER | |
|---|---|
| fixed length control field | 00310 a2200133 4500 |
| 001 - CONTROL NUMBER | |
| control field | 92387 |
| 082 ## - DEWEY DECIMAL CLASSIFICATION NUMBER | |
| Classification number | 891.4394 ALI |
| 090 ## - LOCALLY ASSIGNED LC-TYPE CALL NUMBER (OCLC); LOCAL CALL NUMBER (RLIN) | |
| -- | 44355 |
| -- | 44356 |
| 100 ## - MAIN ENTRY--PERSONAL NAME | |
| Personal name | Ali Muhammad Khan, Dr |
| 245 ## - TITLE STATEMENT | |
| Title | Qirtas wa qalam |
| 260 ## - PUBLICATION, DISTRIBUTION, ETC. | |
| Place of publication, distribution, etc. | Lahore |
| Name of publisher, distributor, etc. | Al-Faisal |
| Date of publication, distribution, etc. | 2015 |
| 300 ## - PHYSICAL DESCRIPTION | |
| Extent | 215 p. |
| 600 ## - SUBJECT ADDED ENTRY--PERSONAL NAME | |
| Personal name | urdu adab -mazameen |
| 942 ## - ADDED ENTRY ELEMENTS (KOHA) | |
| Institution code [OBSOLETE] | CAE NUST |
| Call number prefix | 891.4394 ALI |
| Withdrawn status | Lost status | Damaged status | Not for loan | Collection code | Permanent Location | Current Location | Date acquired | Total Checkouts | Full call number | Barcode | Date last seen | Price effective from | Koha item type |
|---|---|---|---|---|---|---|---|---|---|---|---|---|---|
| College of Aeronautical Engineering (CAE) | College of Aeronautical Engineering (CAE) | 04/03/2017 | 891.4394 ALI | CAE88625 | 04/05/2017 | 04/05/2017 | Book |
